| 000 | 01142nam a2200253 i 4500 | ||
|---|---|---|---|
| 001 | 10675 | ||
| 003 | ES-MaACL | ||
| 005 | 20250420124756.0 | ||
| 007 | t| | ||
| 008 | 951003s1915 sp ||||1| spa d | ||
| 080 | _a860 Calderón de la Barca, Pedro 1.06 | ||
| 080 | _a860-2.09"15/16" | ||
| 100 | 1 |
_aRíos, Blanca de los, _d1859-1956 _997357 |
|
| 245 | 1 | 0 |
_aDe Calderón y de su obra : _bconferencia perteneciente a la serie de las organizadas por el Ministerio de Instrucción Pública y Bellas Artes, leída por su autora en el Ateneo de Madrid el día 29 de diciembre de 1914 / _cBlanca de los Ríos de Lámperez. |
| 260 |
_aMadrid : _b"El Universo", _c1915. |
||
| 300 |
_a48 p. ; _c16 cm. |
||
| 600 | 1 | 4 |
_aCalderón de la Barca, Pedro- _xCrítica e interpretación _933614 |
| 610 | 2 | 4 |
_aAteneo de Madrid- _vConferencias- _y1900-1939 _91907 |
| 610 | 2 | 4 |
_aAteneo de Madrid- _vObras digitalizadas. _91930 |
| 852 | 4 |
_aES-MaACL _j2149-F-5 _cDEPOF _zRevisado enlace: 20 de Abril de 2025 |
|
| 856 | 4 |
_uhttp://ateneodemadrid.com/biblioteca_digital/folletos/Folletos-0219.pdf _yVer documento |
|
| 942 | _2udc | ||
| 999 |
_c10675 _d10675 |
||